IFM Opac

Special Envoy to Churchill and Stalin 1941-1946 (Record no. 18438)

MARC details
000 -LEADER
fixed length control field 00443nam a22001577a 4500
020 ## - INTERNATIONAL STANDARD BOOK NUMBER
International Standard Book Number 0 09 126950 4
082 ## - DEWEY DECIMAL CLASSIFICATION NUMBER
Classification number 940.532 092 4 HAR
100 ## - MAIN ENTRY--PERSONAL NAME
Personal name Harriman, W. Averell
245 ## - TITLE STATEMENT
Title Special Envoy to Churchill and Stalin 1941-1946
260 ## - PUBLICATION, DISTRIBUTION, ETC.
Place of publication, distribution, etc. London
Name of publisher, distributor, etc. Hutchinson of London
Date of publication, distribution, etc. 1976
300 ## - PHYSICAL DESCRIPTION
Extent xii,595Pg
Other physical details 24cm
500 ## - GENERAL NOTE
General note Include Index
650 ## - SUBJECT ADDED ENTRY--TOPICAL TERM
Topical term or geographic name entry element Special Envoy to Churchill and Stalin 1941-1946
700 ## - ADDED ENTRY--PERSONAL NAME
Personal name Abel, Elie
942 ## - ADDED ENTRY ELEMENTS (KOHA)
Koha item type Books
Holdings
Withdrawn status Lost status Source of classification or shelving scheme Damaged status Not for loan Home library Current library Shelving location Date acquired Full call number Barcode Date last seen Price effective from Koha item type
    Dewey Decimal Classification     IFM Main Campus Library IFM Main Campus Library   08/15/2017 940.532 092 4 HAR 0000011152 08/15/2017 08/15/2017 Books